000 00529nam a2200193 a 4500
001 1758620201683
003 YourLibrary
005 20250923150819.0
008 250923s2007##################000#0#eng##
020 _a9781584886747
082 0 4 _a577.015
_bPET
100 1 _aMalchow, Horst,
_eauthor.
245 1 0 _aSpatiotemporal Patterns in Ecology and Epidemiology :
260 _bChapman and Hall/CRC,
_c2007.
300 _a464 pages
650 0 _aMathematics.
942 _cENGLISH
040 _aYourLibrary
_beng
_cYourLibrary
999 _c589056
_d589056